Unternehmenskultur und Betriebswirtschaftslehre <Eine> Untersuchung zur Kontinuität betriebswirtschaftlichen Denkens

Gespeichert in:
Bibliographische Detailangaben
1. Verfasser: Prabitz, Gerald
Format: Buch
Sprache:Deutsch
Veröffentlicht: Wiesbaden Deutscher Universitäts Verlag 1996
Ausgabe:1. Aufl.
Schriftenreihe:DUV Wirtschaftswissenschaft
Schlagworte:
Tags: Tag hinzufügen
Keine Tags, Fügen Sie das erste Tag hinzu!

MARC

LEADER 00000nam a2200000 4500
001 c017698
005 20221205125723.8
020 |a 3-8244-0303-X 
041 0 |a ger 
044 |a DE 
245 1 0 |a Unternehmenskultur und Betriebswirtschaftslehre  |b <Eine> Untersuchung zur Kontinuität betriebswirtschaftlichen Denkens  |c Gerald Prabitz 
250 |a 1. Aufl. 
264 1 |a Wiesbaden  |b Deutscher Universitäts Verlag  |c 1996 
300 |a 238 s. 
490 1 |a DUV Wirtschaftswissenschaft 
830 0 |a DUV Wirtschaftswissenschaft 
610 2 0 |a podnik 
610 2 0 |a hospodárstvo podnikové 
610 2 0 |a kultúra podniková 
610 2 0 |a výskum 
610 2 0 |a ekonómia 
610 2 0 |a veda 
610 2 0 |a rozhodovanie 
610 2 0 |a manažment 
610 2 0 |a racionalizácia 
610 2 0 |a Japonsko 
100 1 |a Prabitz, Gerald